El Proletariado ha muerto. Viva el ama de casa?

Đã lưu trong:
Chi tiết về thư mục
Tác giả chính: Werlhof, Claudia
Định dạng: Texto
Được phát hành: New York: Eveos, H.D.
Các nhãn: Thêm thẻ
Không có thẻ, Là người đầu tiên thẻ bản ghi này!

MARC

LEADER 00000 a a2200000 04500
001 21448
003
040
090 |a 094500  
100 |a Werlhof, Claudia  
245 |a El Proletariado ha muerto. Viva el ama de casa?  
260 |a New York:   |b Eveos,   |c H.D.  
300 |a 27 p.  
999 |c 10960  |d 10960